Upper Limb Nerves - Statistics

General Stats
  • This quiz has been taken 91 times
    88 since last reset
  • The average score is 21 of 37
Answer Stats
Compartment Muscle Nerve Artery % Correct
Anterior Arm biceps brachii long musculocutaneous brachial
95%
Anterior Arm biceps brachii short musculocutaneous brachial
95%
Anterior Arm coracobrachialis musculocutaneous brachial
95%
Posterior Arm triceps brachii long radial deep brachial
95%
Posterior Arm triceps brachii lateral radial deep brachial
95%
Posterior Arm triceps brachii medial radial deep brachial
95%
Anterior Arm brachialis musculocutaneous brachial
92%
Anterior Forearm flexor carpi radialis median ulnar
89%
Anterior Forearm pronator teres median ulnar
86%
Anterior Forearm palmaris longus median ulnar
86%
Anterior Forearm flexor digitorum superficialis median ulnar
86%
Anterior Forearm flexor carpi ulnaris ulnar ulnar
86%
Posterior Forearm brachioradialis radial radial
78%
Posterior Forearm anconeus radial radial
76%
Posterior Forearm extensor carpi radialis longus radial radial
76%
Posterior Forearm supinator deep radial posterior interosseous
51%
Posterior Forearm abductor pollicis longus deep radial posterior interosseous
51%
Posterior Forearm extensor pollicis brevis deep radial posterior interosseous
51%
Posterior Forearm extensor digitorum deep radial radial
49%
Posterior Forearm extensor digiti minimi deep radial radial
49%
Posterior Forearm extensor carpi ulnaris deep radial radial
49%
Posterior Forearm extensor pollicis longus deep radial posterior interosseous
49%
Posterior Forearm extensor indicis deep radial posterior interosseous
49%
Posterior Forearm extensor carpi radialis brevis deep radial radial
46%
Hand - Thenar flexor pollicis brevis recurrent median superficial palmer (radial)
30%
Hand - Thenar opponens pollicis recurrent median superficial palmer (radial)
30%
Anterior Forearm flexor pollicis longus anterior interosseous anterior interosseous
27%
Anterior Forearm pronator quadratus anterior interosseous anterior interosseous
27%
Hand - Hypothenar abductor digiti minimi deep ulnar deep palmer branch ulnar
27%
Hand - Thenar abductor pollicis brevis recurrent median superficial palmer (radial)
27%
Hand - Central adductor pollicis deep ulnar deep palmer arterial arch
24%
Hand - Central dorsal interossei deep ulnar dorsal metacarpal
24%
Hand - Hypothenar flexor digiti minimi brevis deep ulnar deep palmer branch ulnar
24%
Hand - Hypothenar opponens digiti minimi deep ulnar deep palmer branch ulnar
24%
Hand - Central palmar interossei deep ulnar palmar metacarpal
22%
Anterior Forearm flexor digitorum profundus anterior interosseous 2-3, ulnar 4-5 anterior interosseous
5%
Hand - Central lumbricals median 1-2, deep ulnar 3-4 superficial palmer arterial arch
3%
No matching quizzes found
Score Distribution
Percent of People with Each Score
Percentile by Number Answered
Your Score History
You have not taken this quiz since the last reset